Statistics for MLB Starting Lineups AL West

Click here to take the quiz!

General Stats

  • This quiz has been taken 4 times
  • The average score is 23 of 60

Answer Stats

HintAnswer% Correct
3BAlex Bregman
100%
SSCorey Seager
100%
2BJose Altuve
100%
2BMarcus Semien
100%
CFMike Trout
100%
RFAdolis Garcia
75%
3BAnthony Rendon
75%
LFEvan Carter
75%
CatcherJonah Heim
75%
CLJosh Hader
75%
CFJulio Rodriguez
75%
1BNolan Schanuel
75%
DHWyatt Langford
75%
DHYordan Alvarez
75%
Los AngelesAngels
50%
CLCarlos Estevez
50%
LFChas McCormick
50%
SSJeremy Peńa
50%
CLKirby Yates
50%
RFMickey Moniak
50%
RFMitch Haniger
50%
SPReid Detmers
50%
LFTaylor Ward
50%
1BTy France
50%
CatcherYanier Diaz
50%
SSZach Neto
50%
CLAndres Munoz
25%
HoustonAstros
25%
OaklandAthletics
25%
CatchersCal Raleigh
25%
CFEstuary Ruiz
25%
SPFramber Valdez
25%
DHJo Adell
25%
3BJosh Smith
25%
RFKyle Tucker
25%
CFLeody Taveras
25%
SPLuis Castillo
25%
2BLuis Rengifo
25%
SeattleMariners
25%
CLMason Miller
25%
CFMauricio Dubon
25%
DHMitch Garver
25%
SPNathan Eovaldi
25%
SPPaul Blackburn
25%
TexasRangers
25%
1BRyan Noda
25%
LFSeth Brown
25%
2BZack Gelof
25%
DHAbraham Toro
0%
LFDominic Canzone
0%
SSDylan Moore
0%
1BJared Walsh
0%
3BJ.D Davis
0%
1BJon Singleton
0%
2BJorge Polanco
0%
CatcherLogan O´Hoppe
0%
3BLuis Urias
0%
SSNick Allen
0%
CatchersShea Langliers
0%
RFTyler Nevin
0%

Score Distribution

Percentile by Number Answered

Percent of People with Each Score

Your Score History

You have not taken this quiz